[Event "Villa Ballester op 73rd"]
[Site "Buenos Aires"]
[Date "2024.01.27"]
[Round "8"]
[White "Coro, Lucas"]
[Black "Fuentes, Agustin"]
[Result "1-0"]
[WhiteElo "2296"]
[BlackElo "1986"]
[PlyCount "99"]
[EventDate "2024.01.19"]
[EventType "swiss"]
[EventRounds "9"]
[EventCountry "ARG"]
[SourceTitle "CB06_2024"]
[SourceDate "2024.02.07"]
[SourceVersion "1"]
[SourceVersionDate "2024.02.07"]
[SourceQuality "1"]

1. Nf3 d5 2. g3 Nf6 3. Bg2 c5 4. 0-0 Nc6 5. d4 e6 6. c4 dxc4 7. Na3 cxd4 8. Nxc4 Bc5 9. a3 a6 10. b4 Ba7 11. Bb2 0-0 12. a4 Nxb4 13. Nxd4 Qe7 14. Qb3 Rd8 15. Rfd1 Rb8 16. Rab1 b5 17. axb5 Bxd4 18. Bxd4 Rxb5 19. Na3 Rb8 20. Ba7 Bd7 21. Bxb8 Rxb8 22. Nc4 g6 23. Qa3 Kg7 24. Ne5 a5 25. Nxd7 Nxd7 26. Qxa5 Nf6 27. Qe5 Rb6 28. Rbc1 Qe8 29. Qc7 Rb8 30. Qd6 Rb5 31. h3 h5 32. Rc7 Nbd5 33. Ra7 Qb8 34. Qxb8 Rxb8 35. Rc1 Rd8 36. Rb7 Rd7 37. Bxd5 exd5 38. Rcc7 Rxc7 39. Rxc7 Ne4 40. Rd7 Nc3 41. Kf1 Kf6 42. e3 Ke6 43. Rc7 Ne4 44. Ke2 Kf6 45. Rc6+ Ke5 46. Ra6 Kf5 47. Kf3 Nd2+ 48. Kg2 Ne4 49. f3 Ng5 50. Ra5 1-0

[Event "Mar de Ajo op 5th"]
[Site "Mar de Ajo"]
[Date "2023.11.11"]
[Round "3"]
[White "Rodriguez Vila, Andres"]
[Black "Fuentes, Agustin"]
[Result "1-0"]
[WhiteElo "2405"]
[BlackElo "2162"]
[PlyCount "71"]
[EventDate "2023.11.10"]
[EventType "swiss"]
[EventRounds "6"]
[EventCountry "ARG"]
[SourceTitle "CB46_2023"]
[SourceDate "2023.11.15"]
[SourceVersion "1"]
[SourceVersionDate "2023.11.15"]
[SourceQuality "1"]

1. e4 e5 2. Nf3 Nc6 3. Bc4 Nf6 4. d3 Bc5 5. 0-0 d6 6. c3 a5 7. a4 0-0 8. Bg5 h6 9. Bh4 g5 10. Bg3 Ba7 11. Re1 Re8 12. Qb3 Qe7 13. Na3 Nh5 14. Nb5 Bb6 15. Nxd6 Bxf2+ 16. Bxf2 cxd6 17. g3 Nf6 18. Nd2 Kg7 19. Nf1 Be6 20. Ne3 Qc7 21. Rf1 Bxc4 22. Nxc4 Re6 23. Bb6 Qd7 24. Ne3 Ne7 25. Rf3 Nh7 26. Raf1 Rf6 27. Nc4 Rxf3 28. Rxf3 Nc6 29. Bc5 Qe6 30. Bxd6 g4 31. Rf5 Ng5 32. Qxb7 Qe8 33. Nxe5 Nxe5 34. Bxe5+ Kg8 35. d4 Rd8 36. Qb6 1-0

[Event "Buenos Aires Masters op"]
[Site "Buenos Aires"]
[Date "2023.06.19"]
[Round "8"]
[White "Perelman, Hernan"]
[Black "Fuentes, Agustin"]
[Result "1-0"]
[WhiteElo "2253"]
[BlackElo "2098"]
[PlyCount "109"]
[EventDate "2023.06.14"]
[EventType "swiss"]
[EventRounds "9"]
[EventCountry "ARG"]
[SourceTitle "CBM 215 Extra"]
[Source "ChessBase"]
[SourceDate "2023.09.30"]
[SourceVersion "1"]
[SourceVersionDate "2023.09.30"]
[SourceQuality "1"]

1. d4 Nf6 2. c4 e6 3. g3 d5 4. Bg2 dxc4 5. Qa4+ Nbd7 6. Qxc4 a6 7. Be3 Be7 8. Nd2 Nb6 9. Qb3 Nfd5 10. Rc1 0-0 11. Ngf3 Nxe3 12. Qxe3 Nd5 13. Qb3 b6 14. 0-0 Bb7 15. Rfd1 Nf6 16. Nc4 Qb8 17. Nfe5 Bxg2 18. Kxg2 Qb7+ 19. Qf3 Qxf3+ 20. Kxf3 Rfe8 21. Nc6 Nd7 22. Rc2 f6 23. Rdc1 Nb8 24. Nd2 Nxc6 25. Rxc6 Bd8 26. e4 Re7 27. Nc4 Kf7 28. Ne3 Rd7 29. d5 e5 30. a3 g6 31. h4 Ra7 32. h5 a5 33. a4 Be7 34. Rh1 Kg7 35. g4 Rb7 36. hxg6 hxg6 37. g5 fxg5 38. Re6 b5 39. Ng4 Rb6 40. Rxb6 cxb6 41. Nxe5 Rc7 42. axb5 Rc5 43. Nd3 Rxb5 44. Rc1 a4 45. Rc7 Kf8 46. Ra7 Rb3 47. Ke2 a3 48. bxa3 Bxa3 49. e5 Ke8 50. Ke3 Bc5+ 51. Ke4 Ra3 52. Rxa3 Bxa3 53. d6 b5 54. Kd5 b4 55. Nc5 1-0

[Event "ARG-ch sf 98th"]
[Site "Buenos Aires"]
[Date "2023.05.07"]
[Round "9"]
[White "Schnaider, Ilan"]
[Black "Fuentes, Agustin"]
[Result "1-0"]
[WhiteElo "2196"]
[BlackElo "1898"]
[PlyCount "107"]
[EventDate "2023.04.29"]
[EventType "swiss"]
[EventRounds "9"]
[EventCountry "ARG"]
[SourceTitle "EXT 2024"]
[Source "ChessBase"]
[SourceDate "2023.10.10"]
[SourceVersion "1"]
[SourceVersionDate "2023.10.10"]
[SourceQuality "1"]

1. e4 e5 2. Nf3 Nc6 3. Bc4 Nf6 4. d3 Bc5 5. c3 d6 6. 0-0 a6 7. a4 Ba7 8. Re1 h6 9. Nbd2 0-0 10. h3 Re8 11. Nf1 Be6 12. Bxe6 Rxe6 13. Be3 Bxe3 14. Nxe3 Ne7 15. Nh4 d5 16. Qc2 Qd7 17. Rad1 c5 18. c4 d4 19. Nd5 g5 20. Nxe7+ Qxe7 21. Nf5 Qf8 22. a5 b5 23. axb6 Rxb6 24. Ra1 Ne8 25. Ra2 Nd6 26. Ng3 Qc8 27. Rea1 Qe6 28. Qe2 Nb7 29. Qh5 a5 30. Nf5 Kf8 31. Qg4 Raa6 32. g3 Rb3 33. h4 Qg6 34. hxg5 Qxg5 35. Qe2 Ke8 36. Kg2 Kd7 37. Rh1 Rg6 38. Qd1 Rb4 39. Rh5 Qf6 40. Qe2 Kc7 41. Ra1 Kb6 42. Rah1 Nd6 43. Nxh6 Ka6 44. Ng4 Rxg4 45. Qxg4 Rxb2 46. Rf1 a4 47. Qd7 Ka5 48. Qa7+ Kb4 49. Qb6+ Kc3 50. Rc1+ Rc2 51. Qa5+ Kxd3 52. Rd1+ Kxc4 53. Qxa4+ Kc3 54. Qa3+ 1-0

[Event "Montevideo Duchamp Cup 6th"]
[Site "Montevideo"]
[Date "2023.02.11"]
[Round "9"]
[White "Martello, Benjamin"]
[Black "Fuentes, Agustin"]
[Result "1/2-1/2"]
[WhiteElo "1685"]
[BlackElo "1490"]
[PlyCount "73"]
[EventDate "2023.02.03"]
[EventType "swiss"]
[EventRounds "9"]
[EventCountry "URU"]
[SourceTitle "CBM 212 Extra"]
[Source "ChessBase"]
[SourceDate "2023.03.31"]
[SourceVersion "1"]
[SourceVersionDate "2023.03.31"]
[SourceQuality "1"]

1. e4 e5 2. Nf3 Nc6 3. Bb5 a6 4. Ba4 Nf6 5. 0-0 Be7 6. Re1 b5 7. Bb3 0-0 8. a4 b4 9. d3 d6 10. h3 Na5 11. Ba2 c5 12. Nbd2 Bd7 13. Nc4 Nxc4 14. Bxc4 a5 15. Nd2 Qc8 16. Nf1 Be6 17. Bg5 Bxc4 18. Bxf6 Bxf6 19. dxc4 Qe6 20. Ne3 Rac8 21. Qg4 Qxg4 22. Nxg4 Bg5 23. Rad1 h5 24. Ne3 Bxe3 25. Rxe3 Rfd8 26. Red3 Rc6 27. g4 hxg4 28. hxg4 f6 29. Kg2 Rb6 30. Rd5 Rc6 31. g5 Kf7 32. f4 Ke7 33. Kg3 Rh8 34. fxe5 fxe5 35. R5d2 Rf8 36. Kg4 g6 37. Rh1 1/2-1/2

[Event "Montevideo Duchamp Cup 6th"]
[Site "Montevideo"]
[Date "2023.02.09"]
[Round "7"]
[White "Nettelbeck, Jann"]
[Black "Fuentes, Agustin"]
[Result "0-1"]
[WhiteElo "1710"]
[BlackElo "1490"]
[PlyCount "84"]
[EventDate "2023.02.03"]
[EventType "swiss"]
[EventRounds "9"]
[EventCountry "URU"]
[SourceTitle "CBM 212 Extra"]
[Source "ChessBase"]
[SourceDate "2023.03.31"]
[SourceVersion "1"]
[SourceVersionDate "2023.03.31"]
[SourceQuality "1"]

1. d4 Nf6 2. Bf4 g6 3. Nf3 Bg7 4. c4 c5 5. Nc3 cxd4 6. Nxd4 d6 7. Bg5 Nc6 8. e3 a6 9. Be2 Qa5 10. Bh4 Nxd4 11. exd4 0-0 12. 0-0 Bf5 13. Bxf6 exf6 14. Nd5 Qd8 15. Bf3 Rb8 16. Re1 Be6 17. Qd2 b5 18. cxb5 Rxb5 19. Nb4 Qa5 20. a3 d5 21. Rac1 Rc8 22. Qf4 Qd8 23. Rxc8 Qxc8 24. Rc1 Qf8 25. Qc7 Rb8 26. Nxd5 Rc8 27. Ne7+ Qxe7 28. Qxc8+ Bxc8 29. Rxc8+ Bf8 30. g3 Qd7 31. Rc4 Qb5 32. Rc7 Qxb2 33. d5 Qa1+ 34. Kg2 Qxa3 35. Rc8 Kg7 36. Rc6 Bd6 37. Be2 a5 38. h4 Qb4 39. h5 a4 40. hxg6 hxg6 41. Rc4 Qb2 42. Bf3 a3 0-1

[Event "Montevideo Duchamp Cup 6th"]
[Site "Montevideo"]
[Date "2023.02.08"]
[Round "6"]
[White "Fuentes, Agustin"]
[Black "De la Torre, Andres"]
[Result "1-0"]
[WhiteElo "1490"]
[BlackElo "1655"]
[PlyCount "99"]
[EventDate "2023.02.03"]
[EventType "swiss"]
[EventRounds "9"]
[EventCountry "URU"]
[SourceTitle "CBM 212 Extra"]
[Source "ChessBase"]
[SourceDate "2023.03.31"]
[SourceVersion "1"]
[SourceVersionDate "2023.03.31"]
[SourceQuality "1"]

1. d4 Nf6 2. c4 g6 3. Nc3 Bg7 4. e4 d6 5. Nf3 0-0 6. Be2 c6 7. 0-0 e5 8. Be3 Nbd7 9. Qc2 Ng4 10. Bg5 Qe8 11. d5 h6 12. Bd2 Nc5 13. b4 Na6 14. a3 f5 15. exf5 gxf5 16. h3 e4 17. hxg4 exf3 18. Bxf3 fxg4 19. Rae1 Qh5 20. Be4 g3 21. Bh7+ Kh8 22. fxg3 Rxf1+ 23. Kxf1 Qh1+ 24. Kf2 Bd4+ 25. Be3 Bxe3+ 26. Rxe3 Bh3 27. gxh3 Rf8+ 28. Bf5 Qh2+ 29. Ke1 Qg1+ 30. Kd2 Qf2+ 31. Ne2 Rxf5 32. Re8+ Kg7 33. Re7+ Rf7 34. Rxf7+ Qxf7 35. Qc3+ Qf6 36. Qxf6+ Kxf6 37. Ke3 cxd5 38. cxd5 Ke5 39. g4 Nc7 40. Nc3 Nxd5+ 41. Nxd5 Kxd5 42. Kd3 b5 43. h4 Ke6 44. g5 hxg5 45. hxg5 a6 46. g6 Kf6 47. Kd4 Kxg6 48. Kd5 Kf5 49. Kxd6 Ke4 50. Kc5 1-0

[Event "Santa Fe Perez op"]
[Site "Santa Fe"]
[Date "2023.01.27"]
[Round "2"]
[White "Fuentes, Agustin"]
[Black "Fiorito, Joaquin"]
[Result "1-0"]
[WhiteElo "1960"]
[BlackElo "2376"]
[PlyCount "47"]
[EventDate "2023.01.26"]
[EventType "swiss"]
[EventRounds "7"]
[EventCountry "ARG"]
[SourceTitle "CBM 212 Extra"]
[Source "ChessBase"]
[SourceDate "2023.03.31"]
[SourceVersion "1"]
[SourceVersionDate "2023.03.31"]
[SourceQuality "1"]

1. e4 e5 2. Nf3 Nc6 3. Bc4 Bc5 4. d3 Nf6 5. 0-0 d6 6. Nc3 Na5 7. Bb3 Nxb3 8. axb3 a6 9. Be3 Bxe3 10. fxe3 0-0 11. Qe1 Re8 12. Qh4 c6 13. h3 Qe7 14. Rf2 Bd7 15. Raf1 h6 16. Nd2 Be6 17. Rxf6 gxf6 18. Qxh6 Qf8 19. Qh4 f5 20. exf5 Bxf5 21. Rxf5 Re6 22. Nde4 Qg7 23. Nf6+ Kf8 24. Nce4 1-0

[Event "Vicente Lopez ProAm 100 Years op"]
[Site "Buenos Aires"]
[Date "2022.10.14"]
[Round "4"]
[White "Fuentes, Agustin"]
[Black "Aranha Filho, Alvaro Zimmermann"]
[Result "0-1"]
[WhiteElo "1854"]
[BlackElo "2197"]
[PlyCount "70"]
[EventDate "2022.10.11"]
[EventType "swiss"]
[EventRounds "9"]
[EventCountry "ARG"]
[SourceTitle "CBM 210 Extra"]
[Source "ChessBase"]
[SourceDate "2022.11.30"]
[SourceVersion "1"]
[SourceVersionDate "2022.11.30"]
[SourceQuality "1"]

1. e4 e5 2. Bc4 Nf6 3. d3 Nc6 4. Nc3 Bc5 5. f4 d6 6. Nf3 exf4 7. Bxf4 0-0 8. Qd2 Be6 9. Bxe6 fxe6 10. Be3 Bb4 11. a3 Ba5 12. b4 Bb6 13. 0-0 Qd7 14. Ne2 Ng4 15. Bxb6 axb6 16. Qg5 Nge5 17. Nxe5 Nxe5 18. Ng3 Rxf1+ 19. Kxf1 Qc6 20. Qd2 b5 21. h3 Qb6 22. Ke2 h6 23. Nh5 Qc6 24. Nf4 Qe8 25. Qe3 g5 26. Qg3 Kh7 27. Rf1 gxf4 28. Rxf4 Qh5+ 29. Kd2 Qg5 30. Qxg5 hxg5 31. Rf6 Kg7 32. Rxe6 Ng6 33. d4 Kf7 34. d5 Rh8 35. e5 dxe5 0-1

[Event "ARG-chT"]
[Site "Villa Martelli"]
[Date "2022.08.28"]
[Round "4.4"]
[White "Fuentes, Agustin"]
[Black "Schnaider, Ilan"]
[Result "0-1"]
[WhiteElo "1904"]
[BlackElo "2259"]
[PlyCount "90"]
[EventDate "2022.08.26"]
[EventType "team-swiss"]
[EventRounds "8"]
[EventCountry "ARG"]
[SourceTitle "EXT 2023"]
[Source "ChessBase"]
[SourceDate "2022.10.05"]
[SourceVersion "1"]
[SourceVersionDate "2022.10.05"]
[SourceQuality "1"]
[WhiteTeam "Ushuaia Jaque Mate"]
[BlackTeam "Ferro Carril Oeste"]
[WhiteTeamCountry "ARG"]
[BlackTeamCountry "ARG"]

1. e4 c5 2. Nc3 d6 3. Nge2 Nf6 4. g3 g6 5. d4 cxd4 6. Nxd4 Bg7 7. Bg2 0-0 8. 0-0 a6 9. a4 Nfd7 10. Nde2 Nc6 11. h3 Rb8 12. Nd5 b5 13. axb5 axb5 14. c3 e6 15. Nb4 Nxb4 16. cxb4 Ne5 17. Ra2 Bb7 18. b3 Qe7 19. Be3 Rfd8 20. f4 Nc6 21. Qd2 Ra8 22. Rxa8 Rxa8 23. Rd1 h5 24. Kh2 Ra3 25. Nc1 Bf8 26. Qd3 Nxb4 27. Qxb5 d5 28. Bd4 h4 29. g4 Nc6 30. Bb2 Ra5 31. Qe2 d4 32. Qf2 e5 33. f5 Qf6 34. g5 Qxg5 35. fxg6 fxg6 36. Rf1 Qf4+ 37. Qxf4 exf4 38. e5 Rxe5 39. Bxc6 Bxc6 40. Bxd4 Rd5 41. Bc3 f3 42. b4 Rg5 43. Rf2 Bd6+ 44. Kh1 Bg3 45. Nd3 Rd5 0-1

[Event "ARG-chT"]
[Site "Villa Martelli"]
[Date "2022.08.27"]
[Round "3.7"]
[White "Fiorenza, Brandon"]
[Black "Fuentes, Agustin"]
[Result "0-1"]
[WhiteElo "1797"]
[BlackElo "1904"]
[PlyCount "50"]
[EventDate "2022.08.26"]
[EventType "team-swiss"]
[EventRounds "8"]
[EventCountry "ARG"]
[SourceTitle "EXT 2023"]
[Source "ChessBase"]
[SourceDate "2022.10.05"]
[SourceVersion "1"]
[SourceVersionDate "2022.10.05"]
[SourceQuality "1"]
[WhiteTeam "Boca Juniors"]
[BlackTeam "Ushuaia Jaque Mate"]
[WhiteTeamCountry "ARG"]
[BlackTeamCountry "ARG"]

1. d4 e6 2. c4 d5 3. Nf3 f5 4. g3 c6 5. Bg2 Nf6 6. 0-0 Bd6 7. b3 0-0 8. Bb2 Bd7 9. Ba3 Be8 10. Bxd6 Qxd6 11. c5 Qe7 12. Nc3 Nbd7 13. b4 e5 14. dxe5 Nxe5 15. Nd4 Ne4 16. Qc1 Nxc3 17. Qxc3 f4 18. Nf3 Nxf3+ 19. Bxf3 fxg3 20. hxg3 Bg6 21. Kg2 Rf6 22. Rad1 Raf8 23. Rfe1 Be4 24. Bxe4 Rxf2+ 25. Kg1 Qxe4 0-1

[Event "ARG-ch U12"]
[Site "Villa Martelli"]
[Date "2018.02.13"]
[Round "9.3"]
[White "Velazco, Tomas Sebastian"]
[Black "Fuentes, Agustin"]
[Result "1-0"]
[WhiteElo "1321"]
[BlackElo "1359"]
[PlyCount "41"]
[EventDate "2018.02.09"]
[EventType "swiss"]
[EventRounds "9"]
[EventCountry "ARG"]
[SourceTitle "EXT 2024"]
[Source "ChessBase"]
[SourceDate "2023.10.10"]
[SourceVersion "1"]
[SourceVersionDate "2023.10.10"]
[SourceQuality "1"]

1. e4 c5 2. Nf3 d6 3. d4 cxd4 4. Nxd4 Nf6 5. f3 g6 6. Nc3 Bg7 7. Be3 0-0 8. Qd2 Nc6 9. 0-0-0 Nxd4 10. Bxd4 Be6 11. Kb1 a6 12. g4 b5 13. h4 b4 14. Nd5 Nxd5 15. exd5 Bxd5 16. Bxg7 Bxf3 17. Bxf8 Qxf8 18. Bd3 a5 19. h5 Rb8 20. hxg6 fxg6 21. Rdf1 1-0